000 00411nam a2200133Ia 4500
005 20260328104249.0
008 260328s9999||||xx |||||||||||||| ||und||
100 _aPickover, Clifford A
245 4 _aThe Math Book :
_b From Pythagoras to the 57th Dimension, 250 Milestones in the History of Mathematics /
_cClifford A Pickover
260 _bSterling
300 _a527 p.
650 _aMATEMÁTICAS
942 _cBK
999 _c10181
_d10181